000 00475cam a2200193ua 4500
001 7220
008 141204n ii |||gr||||Z||||||eng
020 _a812192300X
040 _cMAIN
041 _aeng
082 _a658
100 _aKhanka, S.S.,
_eAuthor.
245 1 _aHuman resource management :
_bText and cases /
_cBy S.S. Khanka .
250 _a1st.
260 _aNew Delhi:
_bS. Chand,
_c2010.
300 _a449p.
653 _aPersonnel management
942 _cBK
999 _c6345
_d6345